000 00488nam a2200193Ia 4500
005 20260429112218.0
008 260429s9999||||xx |||||||||||||| ||und||
020 _a9789391972240
041 _aEnglish
082 _a579
_bDEV
100 _aDevki
245 0 _aEncyclopaedia of applied microbiology /
_cDevki
250 _a1st ed.
260 _aJaipur :
_bAgrotech Press,
_c2025.
300 _aviii, 296 p.; hb
650 _a Encyclopaedia
650 _aMicrobiology
942 _cTB
999 _c52923
_d52923